| 000 | 01077nam a2200253Ia 4500 | ||
|---|---|---|---|
| 999 |
_c35402 _d35402 |
||
| 001 | 1256 | ||
| 003 | GE_BSU | ||
| 005 | 20250613150154.0 | ||
| 008 | 181216s2010||||ge |||||||||||||| ||geo|| | ||
| 020 | _a15122743 | ||
| 040 | _cGE_BSU | ||
| 041 | _ageo | ||
| 080 | _a632 ც–75 | ||
| 245 |
_aციტრუსების მავნებლები და მათი ენტომოფაგები / _cავტორები : გ. ალექსიძე, ა. მურვანიძე, ო. შაინიძე, ნ. ჭანუყვაძე. |
||
| 264 |
_aთბილისი, _c2010. |
||
| 300 |
_a53 გვ. ; _b20 სმ. |
||
| 541 | _h2 ლ. | ||
| 653 | _aციტრუსების მავნებლები | ||
| 700 |
_aალექსიძე, გ. _eავტორი _911244 |
||
| 700 |
_aმურვანიძე, ა. _eავტორი _91804 |
||
| 700 |
_aშაინიძე, ო. _eავტორი _925415 |
||
| 700 |
_aჭანუყვაძე, ნ. _eავტორი _925416 |
||
| 942 |
_cBK _2udc |
||